Veľký pochod za kvalitou sa začal

Kam sa dnes uberá priemysel v Číne. Investície, ľudia, stavebný rozmach. Čína sa v najbližších rokoch stane najväčším trhom pre priemyselnú automatizáciu na svete.

Salvato in:
Dettagli Bibliografici
Autore principale: Marianyi, Peter
Natura: Capitolo di libro
Lingua:slovacco
Soggetti:
Tags: Aggiungi Tag
Nessun Tag, puoi essere il primo ad aggiungerne!!

MARC

LEADER 00000naa a2200000 4500
001 0178834
005 20231011123243.0
041 0 |a slo 
044 |a SK 
245 1 0 |a Veľký pochod za kvalitou sa začal  |c Peter Marianyi 
520 |a Kam sa dnes uberá priemysel v Číne. Investície, ľudia, stavebný rozmach. Čína sa v najbližších rokoch stane najväčším trhom pre priemyselnú automatizáciu na svete. 
610 2 0 |a Čína 
610 2 0 |a hospodárstvo svetové 
610 2 0 |a politika priemyselná 
610 2 0 |a investície 
610 2 0 |a automatizácia 
610 2 0 |a vzťahy hospodárske medzinárodné 
100 1 |a Marianyi, Peter